[Event "European Women's Chess Club Cup 2023"]
[Site "Durres, Albania"]
[Date "2023.10.05"]
[Round "5.11"]
[White "Bulmaga, Irina"]
[Black "Mkrtchian, Lilit"]
[Result "1/2-1/2"]
[TimeControl "90' + 30' & 30\""]
[WhiteElo "2423"]
[BlackElo "2389"]

1. e4 {[%clk 01:30:55]} {[%emt 00:00:04]} e6 {[%clk 01:30:41]} {[%emt
00:00:19]} 2. d4 {[%clk 01:31:17]} {[%emt 00:00:08]} d5 {[%clk 01:31:03]}
{[%emt 00:00:08]} 3. Nc3 {[%clk 01:31:40]} {[%emt 00:00:07]} a6 {[%clk
01:30:52]} {[%emt 00:00:41]} 4. exd5 {[%clk 01:29:32]} {[%emt 00:02:39]} exd5
{[%clk 01:31:05]} {[%emt 00:00:16]} 5. Nf3 {[%clk 01:28:39]} {[%emt 00:01:23]}
Nf6 {[%clk 01:26:18]} {[%emt 00:05:16]} 6. Bd3 {[%clk 01:28:05]} {[%emt
00:01:05]} c5 {[%clk 01:25:55]} {[%emt 00:00:53]} 7. dxc5 {[%clk 01:25:41]}
{[%emt 00:02:53]} Bxc5 {[%clk 01:26:18]} {[%emt 00:00:08]} 8. O-O {[%clk
01:25:46]} {[%emt 00:00:24]} O-O {[%clk 01:25:16]} {[%emt 00:01:32]} 9. Bg5
{[%clk 01:25:12]} {[%emt 00:01:05]} Be6 {[%clk 01:18:09]} {[%emt 00:07:37]} 10.
Qd2 {[%clk 01:16:03]} {[%emt 00:09:39]} Nbd7 {[%clk 01:09:51]} {[%emt
00:08:48]} 11. Qf4 {[%clk 01:03:42]} {[%emt 00:12:51]} Re8 {[%clk 01:08:05]}
{[%emt 00:02:16]} 12. Qg3 {[%clk 00:55:21]} {[%emt 00:08:51]} Rc8 {[%clk
00:59:52]} {[%emt 00:08:43]} 13. Rad1 {[%clk 00:54:09]} {[%emt 00:01:42]} Be7
{[%clk 00:50:13]} {[%emt 00:10:09]} 14. Nd4 {[%clk 00:48:42]} {[%emt 00:05:57]}
Nh5 {[%clk 00:25:09]} {[%emt 00:25:34]} 15. Bxe7 {[%clk 00:44:10]} {[%emt
00:05:02]} Qxe7 {[%clk 00:24:40]} {[%emt 00:00:59]} 16. Qe3 {[%clk 00:38:27]}
{[%emt 00:06:13]} Qb4 {[%clk 00:16:34]} {[%emt 00:08:36]} 17. Qg5 {[%clk
00:32:19]} {[%emt 00:06:38]} Nhf6 {[%clk 00:16:57]} {[%emt 00:00:07]} 18. Qc1
{[%clk 00:24:55]} {[%emt 00:07:54]} Ne5 {[%clk 00:08:13]} {[%emt 00:09:14]} 19.
a3 {[%clk 00:18:04]} {[%emt 00:07:21]} Qb6 {[%clk 00:08:40]} {[%emt 00:00:04]}
20. h3 {[%clk 00:17:26]} {[%emt 00:01:07]} Nc4 {[%clk 00:03:51]} {[%emt
00:05:19]} 21. Bxc4 {[%clk 00:11:34]} {[%emt 00:06:22]} dxc4 {[%clk 00:04:15]}
{[%emt 00:00:06]} 22. Rfe1 {[%clk 00:10:15]} {[%emt 00:01:48]} h6 {[%clk
00:04:08]} {[%emt 00:00:38]} 23. Nxe6 {[%clk 00:07:10]} {[%emt 00:03:35]} Rxe6
{[%clk 00:04:32]} {[%emt 00:00:06]} 24. Rxe6 {[%clk 00:07:22]} {[%emt
00:00:18]} Qxe6 {[%clk 00:05:00]} {[%emt 00:00:02]} 25. Qf4 {[%clk 00:06:38]}
{[%emt 00:01:14]} Qb6 {[%clk 00:03:24]} {[%emt 00:02:06]} 26. Rd6 {[%clk
00:04:41]} {[%emt 00:02:27]} Qxb2 {[%clk 00:00:52]} {[%emt 00:03:02]} 27. Rxf6
{[%clk 00:04:13]} {[%emt 00:00:58]} Qxc3 {[%clk 00:00:46]} {[%emt 00:00:36]} 28.
Rxf7 {[%clk 00:04:41]} {[%emt 00:00:02]} Qxc2 {[%clk 00:00:44]} {[%emt
00:00:32]} 29. Rxb7 {[%clk 00:03:48]} {[%emt 00:01:24]} Rf8 {[%clk 00:00:39]}
{[%emt 00:00:35]} 30. Qg3 {[%clk 00:02:35]} {[%emt 00:01:41]} Rf7 {[%clk
00:01:04]} {[%emt 00:00:06]} 31. Qb8+ {[%clk 00:02:30]} {[%emt 00:00:35]} Rf8
{[%clk 00:01:27]} {[%emt 00:00:07]} 32. Qg3 {[%clk 00:02:29]} {[%emt 00:00:31]}
Rf7 {[%clk 00:01:56]} {[%emt 00:00:02]} 33. Rb8+ {[%clk 00:01:56]} {[%emt
00:01:03]} Rf8 {[%clk 00:01:54]} {[%emt 00:00:31]} 34. Rb7 {[%clk 00:00:58]}
{[%emt 00:01:28]} Rf7 {[%clk 00:02:21]} {[%emt 00:00:03]} 1/2-1/2

[Event "European Women's Chess Club Cup 2023"]
[Site "Durres, Albania"]
[Date "2023.10.05"]
[Round "5.12"]
[White "Velikic, Adela"]
[Black "Efroimski, Marsel"]
[Result "0-1"]
[TimeControl "90' + 30' & 30\""]
[WhiteElo "2274"]
[BlackElo "2447"]

1. e4 {[%clk 01:29:33]} {[%emt 00:00:10]} c6 {[%clk 01:28:57]} {[%emt
00:02:03]} 2. d4 {[%clk 01:29:45]} {[%emt 00:00:18]} d5 {[%clk 01:29:23]}
{[%emt 00:00:04]} 3. e5 {[%clk 01:29:40]} {[%emt 00:00:35]} Bf5 {[%clk
01:29:48]} {[%emt 00:00:06]} 4. Nf3 {[%clk 01:21:48]} {[%emt 00:08:22]} e6
{[%clk 01:30:13]} {[%emt 00:00:05]} 5. Be2 {[%clk 01:22:15]} {[%emt 00:00:03]}
Nd7 {[%clk 01:30:33]} {[%emt 00:00:09]} 6. O-O {[%clk 01:22:00]} {[%emt
00:00:45]} h6 {[%clk 01:30:41]} {[%emt 00:00:22]} 7. Be3 {[%clk 01:15:04]}
{[%emt 00:07:26]} Ne7 {[%clk 01:30:34]} {[%emt 00:00:38]} 8. Nbd2 {[%clk
01:14:47]} {[%emt 00:00:46]} Bh7 {[%clk 01:30:52]} {[%emt 00:00:12]} 9. Nb3
{[%clk 00:59:08]} {[%emt 00:16:09]} a6 {[%clk 01:31:01]} {[%emt 00:00:21]} 10.
Bd3 {[%clk 00:53:53]} {[%emt 00:05:46]} Bxd3 {[%clk 01:29:57]} {[%emt
00:01:34]} 11. Qxd3 {[%clk 00:54:10]} {[%emt 00:00:12]} Nf5 {[%clk 01:27:52]}
{[%emt 00:02:34]} 12. Nfd2 {[%clk 00:45:29]} {[%emt 00:09:12]} c5 {[%clk
01:26:46]} {[%emt 00:01:35]} 13. dxc5 {[%clk 00:41:06]} {[%emt 00:04:53]} Nxe5
{[%clk 01:20:14]} {[%emt 00:07:03]} 14. Qe2 {[%clk 00:40:33]} {[%emt 00:01:04]}
Nxe3 {[%clk 01:16:16]} {[%emt 00:04:27]} 15. Qxe3 {[%clk 00:40:50]} {[%emt
00:00:12]} Qc7 {[%clk 01:16:04]} {[%emt 00:00:43]} 16. Qg3 {[%clk 00:32:10]}
{[%emt 00:09:10]} Rc8 {[%clk 01:15:26]} {[%emt 00:01:07]} 17. Rac1 {[%clk
00:27:47]} {[%emt 00:04:54]} Nc4 {[%clk 01:06:29]} {[%emt 00:09:27]} 18. Qc3
{[%clk 00:23:22]} {[%emt 00:04:55]} Nxd2 {[%clk 01:03:59]} {[%emt 00:03:00]} 19.
Qxd2 {[%clk 00:23:45]} {[%emt 00:00:07]} Bxc5 {[%clk 01:04:23]} {[%emt
00:00:06]} 20. c4 {[%clk 00:23:21]} {[%emt 00:00:54]} d4 {[%clk 01:04:17]}
{[%emt 00:00:36]} 21. Nxc5 {[%clk 00:18:32]} {[%emt 00:05:18]} Qxc5 {[%clk
01:03:20]} {[%emt 00:01:27]} 22. b4 {[%clk 00:18:32]} {[%emt 00:00:30]} Qd6
{[%clk 01:03:25]} {[%emt 00:00:26]} 23. c5 {[%clk 00:17:30]} {[%emt 00:01:32]}
Qd5 {[%clk 01:03:17]} {[%emt 00:00:38]} 24. Rfd1 {[%clk 00:17:27]} {[%emt
00:00:33]} e5 {[%clk 01:01:07]} {[%emt 00:02:41]} 25. f4 {[%clk 00:16:40]}
{[%emt 00:01:16]} f6 {[%clk 01:01:17]} {[%emt 00:00:20]} 26. fxe5 {[%clk
00:16:31]} {[%emt 00:00:39]} fxe5 {[%clk 01:01:46]} {[%emt 00:00:01]} 27. Rf1
{[%clk 00:16:24]} {[%emt 00:00:37]} Rf8 {[%clk 00:49:04]} {[%emt 00:13:12]} 28.
Qe2 {[%clk 00:15:44]} {[%emt 00:01:10]} e4 {[%clk 00:41:32]} {[%emt 00:08:02]}
29. Qg4 {[%clk 00:15:04]} {[%emt 00:01:10]} Rc7 {[%clk 00:39:31]} {[%emt
00:02:30]} 30. Qg6+ {[%clk 00:06:06]} {[%emt 00:09:28]} Rff7 {[%clk 00:39:10]}
{[%emt 00:00:51]} 31. c6 {[%clk 00:02:36]} {[%emt 00:04:00]} Rxc6 {[%clk
00:31:41]} {[%emt 00:08:00]} 32. Rxc6 {[%clk 00:02:24]} {[%emt 00:00:42]} bxc6
{[%clk 00:31:59]} {[%emt 00:00:12]} 33. Rxf7 {[%clk 00:02:15]} {[%emt
00:00:39]} Qxf7 {[%clk 00:32:25]} {[%emt 00:00:04]} 34. Qxc6+ {[%clk 00:01:53]}
{[%emt 00:00:52]} Kf8 {[%clk 00:29:03]} {[%emt 00:03:52]} 35. Qxe4 {[%clk
00:01:16]} {[%emt 00:01:07]} Qc4 {[%clk 00:25:41]} {[%emt 00:03:51]} 36. Qa8+
{[%clk 00:01:11]} {[%emt 00:00:35]} Ke7 {[%clk 00:25:40]} {[%emt 00:00:32]} 37.
Qe4+ {[%clk 00:01:04]} {[%emt 00:00:38]} Kd6 {[%clk 00:23:16]} {[%emt
00:02:53]} 38. Qg6+ {[%clk 00:00:42]} {[%emt 00:00:52]} Qe6 {[%clk 00:23:29]}
{[%emt 00:00:17]} 39. Qg3+ {[%clk 00:00:57]} {[%emt 00:00:15]} Qe5 {[%clk
00:22:54]} {[%emt 00:01:05]} 40. Qg6+ {[%clk 00:01:03]} {[%emt 00:00:23]} Kd5
{[%clk 00:21:55]} {[%emt 00:01:29]} 41. Qf7+ {[%clk 00:27:17]} {[%emt
00:04:17]} Qe6 {[%clk 00:45:46]} {[%emt 00:06:38]} 42. Qf3+ {[%clk 00:25:49]}
{[%emt 00:01:59]} Qe4 {[%clk 00:45:37]} {[%emt 00:00:39]} 43. Qf7+ {[%clk
00:24:40]} {[%emt 00:01:38]} Kc6 {[%clk 00:44:57]} {[%emt 00:01:10]} 44. Qc4+
{[%clk 00:24:00]} {[%emt 00:01:10]} Kb6 {[%clk 00:43:55]} {[%emt 00:01:32]} 45.
Qc5+ {[%clk 00:16:53]} {[%emt 00:07:38]} Kb7 {[%clk 00:44:01]} {[%emt
00:00:24]} 46. h3 {[%clk 00:15:02]} {[%emt 00:02:21]} d3 {[%clk 00:42:49]}
{[%emt 00:01:41]} 47. Qd6 {[%clk 00:14:33]} {[%emt 00:00:59]} Qe3+ {[%clk
00:40:10]} {[%emt 00:03:09]} 48. Kh2 {[%clk 00:12:52]} {[%emt 00:02:12]} g5
{[%clk 00:37:53]} {[%emt 00:02:47]} 49. Qd5+ {[%clk 00:06:33]} {[%emt
00:06:49]} Kc7 {[%clk 00:37:23]} {[%emt 00:01:00]} 50. Qf7+ {[%clk 00:02:12]}
{[%emt 00:04:50]} Kb6 {[%clk 00:34:49]} {[%emt 00:03:03]} 51. Qd7 {[%clk
00:01:48]} {[%emt 00:00:55]} d2 {[%clk 00:28:46]} {[%emt 00:06:33]} 52. a3
{[%clk 00:01:18]} {[%emt 00:01:00]} Qe5+ {[%clk 00:28:07]} {[%emt 00:01:09]} 53.
Kh1 {[%clk 00:00:47]} {[%emt 00:01:01]} Qe1+ {[%clk 00:28:33]} {[%emt
00:00:05]} 54. Kh2 {[%clk 00:01:16]} {[%emt 00:00:01]} d1=Q {[%clk 00:28:50]}
{[%emt 00:00:13]} 0-1

[Event "European Women's Chess Club Cup 2023"]
[Site "Durres, Albania"]
[Date "2023.10.05"]
[Round "5.13"]
[White "Khotenashvili, Bella"]
[Black "Tsolakidou, Stavroula"]
[Result "1/2-1/2"]
[TimeControl "90' + 30' & 30\""]
[WhiteElo "2483"]
[BlackElo "2385"]

1. d4 {[%clk 01:30:55]} {[%emt 00:00:05]} Nf6 {[%clk 01:30:53]} {[%emt
00:00:06]} 2. c4 {[%clk 01:31:09]} {[%emt 00:00:17]} g6 {[%clk 01:31:11]}
{[%emt 00:00:12]} 3. g3 {[%clk 01:30:49]} {[%emt 00:00:50]} Bg7 {[%clk
01:31:23]} {[%emt 00:00:17]} 4. Bg2 {[%clk 01:31:14]} {[%emt 00:00:06]} O-O
{[%clk 01:31:40]} {[%emt 00:00:13]} 5. Nc3 {[%clk 01:31:30]} {[%emt 00:00:14]}
d6 {[%clk 01:31:53]} {[%emt 00:00:16]} 6. Nf3 {[%clk 01:31:51]} {[%emt
00:00:10]} c6 {[%clk 01:32:05]} {[%emt 00:00:17]} 7. e4 {[%clk 01:31:45]}
{[%emt 00:00:36]} Qb6 {[%clk 01:24:53]} {[%emt 00:07:43]} 8. O-O {[%clk
01:30:58]} {[%emt 00:01:18]} Bg4 {[%clk 01:24:46]} {[%emt 00:00:36]} 9. Rb1
{[%clk 01:26:08]} {[%emt 00:05:20]} Nfd7 {[%clk 01:24:27]} {[%emt 00:00:48]} 10.
Be3 {[%clk 01:25:02]} {[%emt 00:01:37]} c5 {[%clk 01:24:27]} {[%emt 00:00:30]}
11. h3 {[%clk 01:06:20]} {[%emt 00:19:12]} Bxf3 {[%clk 01:07:13]} {[%emt
00:17:44]} 12. Bxf3 {[%clk 01:06:14]} {[%emt 00:00:36]} Nc6 {[%clk 00:53:23]}
{[%emt 00:14:20]} 13. dxc5 {[%clk 01:01:54]} {[%emt 00:04:50]} dxc5 {[%clk
00:52:25]} {[%emt 00:01:28]} 14. Nd5 {[%clk 00:40:33]} {[%emt 00:21:51]} Qd8
{[%clk 00:52:39]} {[%emt 00:00:16]} 15. h4 {[%clk 00:39:29]} {[%emt 00:01:34]}
e6 {[%clk 00:50:31]} {[%emt 00:02:38]} 16. Nc3 {[%clk 00:33:59]} {[%emt
00:05:59]} Nd4 {[%clk 00:47:48]} {[%emt 00:03:13]} 17. Nb5 {[%clk 00:24:42]}
{[%emt 00:09:48]} Ne5 {[%clk 00:43:07]} {[%emt 00:05:11]} 18. Be2 {[%clk
00:25:05]} {[%emt 00:00:06]} Nec6 {[%clk 00:41:32]} {[%emt 00:02:06]} 19. h5
{[%clk 00:23:29]} {[%emt 00:02:06]} Qe7 {[%clk 00:39:45]} {[%emt 00:02:17]} 20.
Nxd4 {[%clk 00:19:45]} {[%emt 00:04:14]} Bxd4 {[%clk 00:39:27]} {[%emt
00:00:48]} 21. Qc1 {[%clk 00:17:03]} {[%emt 00:03:11]} Rad8 {[%clk 00:32:37]}
{[%emt 00:07:20]} 22. Bh6 {[%clk 00:14:47]} {[%emt 00:02:46]} Rfe8 {[%clk
00:26:43]} {[%emt 00:06:25]} 23. Kg2 {[%clk 00:14:25]} {[%emt 00:00:52]} b6
{[%clk 00:26:36]} {[%emt 00:00:37]} 24. hxg6 {[%clk 00:10:08]} {[%emt
00:04:48]} hxg6 {[%clk 00:24:12]} {[%emt 00:02:53]} 25. Rh1 {[%clk 00:09:47]}
{[%emt 00:00:50]} Be5 {[%clk 00:18:14]} {[%emt 00:06:29]} 26. Bg5 {[%clk
00:08:42]} {[%emt 00:01:35]} Bf6 {[%clk 00:18:13]} {[%emt 00:00:31]} 27. Be3
{[%clk 00:05:42]} {[%emt 00:03:31]} Qb7 {[%clk 00:17:12]} {[%emt 00:01:30]} 28.
f3 {[%clk 00:03:39]} {[%emt 00:02:33]} Nd4 {[%clk 00:16:29]} {[%emt 00:01:12]}
29. Bxd4 {[%clk 00:04:01]} {[%emt 00:00:09]} Rxd4 {[%clk 00:16:52]} {[%emt
00:00:07]} 30. Qc2 {[%clk 00:03:31]} {[%emt 00:01:00]} Red8 {[%clk 00:16:25]}
{[%emt 00:00:58]} 31. Rbd1 {[%clk 00:03:55]} {[%emt 00:00:05]} Qa6 {[%clk
00:10:52]} {[%emt 00:06:02]} 32. Rxd4 {[%clk 00:03:30]} {[%emt 00:00:56]} Rxd4
{[%clk 00:11:05]} {[%emt 00:00:16]} 33. b3 {[%clk 00:03:39]} {[%emt 00:00:22]}
Qa5 {[%clk 00:07:15]} {[%emt 00:04:21]} 34. Rd1 {[%clk 00:01:26]} {[%emt
00:02:43]} Rxd1 {[%clk 00:06:43]} {[%emt 00:01:01]} 35. Bxd1 {[%clk 00:01:55]}
Qe1 {[%clk 00:07:04]} {[%emt 00:00:10]} 36. Qe2 {[%clk 00:02:03]} {[%emt
00:00:22]} Qc3 {[%clk 00:07:13]} {[%emt 00:00:20]} 37. Qc2 {[%clk 00:02:32]}
{[%emt 00:00:02]} Qd4 {[%clk 00:07:09]} {[%emt 00:00:34]} 38. Be2 {[%clk
00:02:26]} {[%emt 00:00:36]} g5 {[%clk 00:07:13]} {[%emt 00:00:26]} 39. Bd3
{[%clk 00:01:50]} {[%emt 00:01:06]} Qd6 {[%clk 00:06:38]} {[%emt 00:01:04]} 40.
Qd2 {[%clk 00:01:47]} {[%emt 00:00:34]} Kf8 {[%clk 00:04:36]} {[%emt 00:02:32]}
41. f4 {[%clk 00:28:34]} {[%emt 00:03:43]} gxf4 {[%clk 00:29:37]} {[%emt
00:05:29]} 42. gxf4 {[%clk 00:29:01]} {[%emt 00:00:03]} Bg7 {[%clk 00:29:36]}
{[%emt 00:00:31]} 43. f5 {[%clk 00:26:38]} {[%emt 00:02:53]} exf5 {[%clk
00:25:49]} {[%emt 00:04:17]} 44. exf5 {[%clk 00:27:00]} {[%emt 00:00:08]} Qc6+
{[%clk 00:25:57]} {[%emt 00:00:22]} 45. Kf2 {[%clk 00:22:30]} {[%emt 00:04:59]}
Bd4+ {[%clk 00:24:52]} {[%emt 00:01:35]} 46. Ke2 {[%clk 00:19:05]} {[%emt
00:03:56]} Qh1 {[%clk 00:22:23]} {[%emt 00:02:57]} 47. Qg5 {[%clk 00:18:27]}
{[%emt 00:01:10]} f6 {[%clk 00:19:38]} {[%emt 00:03:15]} 48. Qg3 {[%clk
00:16:52]} {[%emt 00:02:04]} Qh5+ {[%clk 00:11:07]} {[%emt 00:09:01]} 49. Kd2
{[%clk 00:15:21]} {[%emt 00:02:02]} Qh6+ {[%clk 00:11:06]} {[%emt 00:00:30]} 50.
Kc2 {[%clk 00:15:22]} {[%emt 00:00:29]} Be5 {[%clk 00:11:19]} {[%emt 00:00:17]}
51. Qg2 {[%clk 00:15:14]} {[%emt 00:00:38]} Qe3 {[%clk 00:11:21]} {[%emt
00:00:25]} 52. Qa8+ {[%clk 00:15:00]} {[%emt 00:00:48]} Kg7 {[%clk 00:11:47]}
{[%emt 00:00:04]} 53. Qg2+ {[%clk 00:09:25]} {[%emt 00:06:05]} Kf8 {[%clk
00:12:10]} {[%emt 00:00:06]} 54. Qa8+ {[%clk 00:09:46]} {[%emt 00:00:10]} Kg7
{[%clk 00:12:37]} {[%emt 00:00:03]} 55. Qg2+ {[%clk 00:10:13]} {[%emt
00:00:03]} Kf8 {[%clk 00:13:02]} {[%emt 00:00:05]} 1/2-1/2

[Event "European Women's Chess Club Cup 2023"]
[Site "Durres, Albania"]
[Date "2023.10.05"]
[Round "5.14"]
[White "Narva, Mai"]
[Black "Hoang, Thanh Trang"]
[Result "1/2-1/2"]
[TimeControl "90' + 30' & 30\""]
[WhiteElo "2399"]
[BlackElo "2398"]

1. e4 {[%clk 01:30:56]} {[%emt 00:00:02]} e6 {[%clk 01:30:45]} {[%emt
00:00:16]} 2. d4 {[%clk 01:31:11]} {[%emt 00:00:15]} d5 {[%clk 01:30:59]}
{[%emt 00:00:15]} 3. exd5 {[%clk 01:31:24]} {[%emt 00:00:18]} exd5 {[%clk
01:31:00]} {[%emt 00:00:29]} 4. Nf3 {[%clk 01:31:42]} {[%emt 00:00:12]} Bd6
{[%clk 01:30:12]} {[%emt 00:01:18]} 5. Bd3 {[%clk 01:31:56]} {[%emt 00:00:16]}
Nc6 {[%clk 01:24:40]} {[%emt 00:06:02]} 6. O-O {[%clk 01:31:43]} {[%emt
00:00:44]} Nge7 {[%clk 01:23:32]} {[%emt 00:01:38]} 7. a4 {[%clk 01:31:31]}
{[%emt 00:00:41]} O-O {[%clk 01:18:06]} {[%emt 00:05:57]} 8. Na3 {[%clk
01:31:01]} {[%emt 00:00:59]} Bf5 {[%clk 01:14:17]} {[%emt 00:04:18]} 9. Nb5
{[%clk 01:30:16]} {[%emt 00:01:16]} Bxd3 {[%clk 01:11:51]} {[%emt 00:02:57]} 10.
Qxd3 {[%clk 01:30:09]} {[%emt 00:00:37]} a6 {[%clk 01:11:53]} {[%emt 00:00:28]}
11. Nxd6 {[%clk 01:30:01]} {[%emt 00:00:37]} Qxd6 {[%clk 01:12:00]} {[%emt
00:00:23]} 12. Re1 {[%clk 01:14:25]} {[%emt 00:16:06]} Rfe8 {[%clk 01:10:42]}
{[%emt 00:01:47]} 13. Bd2 {[%clk 01:09:48]} {[%emt 00:05:09]} Ng6 {[%clk
01:06:31]} {[%emt 00:04:41]} 14. g3 {[%clk 00:48:13]} {[%emt 00:22:05]} h6
{[%clk 01:03:13]} {[%emt 00:03:47]} 15. Kg2 {[%clk 00:45:38]} {[%emt 00:03:05]}
Qf6 {[%clk 01:00:15]} {[%emt 00:03:28]} 16. b4 {[%clk 00:41:56]} {[%emt
00:04:13]} Nce7 {[%clk 00:53:22]} {[%emt 00:07:22]} 17. b5 {[%clk 00:32:09]}
{[%emt 00:10:17]} axb5 {[%clk 00:49:18]} {[%emt 00:04:34]} 18. axb5 {[%clk
00:32:08]} {[%emt 00:00:32]} Nf5 {[%clk 00:45:29]} {[%emt 00:04:18]} 19. h4
{[%clk 00:29:53]} {[%emt 00:02:45]} Nf8 {[%clk 00:39:13]} {[%emt 00:06:46]} 20.
Re5 {[%clk 00:16:19]} {[%emt 00:14:03]} Nd6 {[%clk 00:25:57]} {[%emt 00:13:47]}
21. Rxa8 {[%clk 00:09:02]} {[%emt 00:07:48]} Rxa8 {[%clk 00:26:18]} {[%emt
00:00:08]} 22. Rxd5 {[%clk 00:08:51]} {[%emt 00:00:41]} Nd7 {[%clk 00:24:38]}
{[%emt 00:02:09]} 23. Re5 {[%clk 00:03:46]} {[%emt 00:05:36]} Ra4 {[%clk
00:19:23]} {[%emt 00:05:45]} 24. Re1 {[%clk 00:03:39]} {[%emt 00:00:38]} Qf5
{[%clk 00:15:49]} {[%emt 00:04:02]} 25. Qxf5 {[%clk 00:02:23]} {[%emt
00:01:47]} Nxf5 {[%clk 00:16:13]} {[%emt 00:00:06]} 26. Re8+ {[%clk 00:02:44]}
{[%emt 00:00:08]} Kh7 {[%clk 00:16:30]} {[%emt 00:00:14]} 27. c3 {[%clk
00:01:04]} {[%emt 00:02:11]} Nf6 {[%clk 00:16:16]} {[%emt 00:00:43]} 28. Rb8
{[%clk 00:00:39]} {[%emt 00:00:55]} Nd6 {[%clk 00:15:36]} {[%emt 00:01:09]} 29.
Bf4 {[%clk 00:00:41]} {[%emt 00:00:29]} Nfe4 {[%clk 00:13:53]} {[%emt
00:02:14]} 30. b6 {[%clk 00:00:41]} {[%emt 00:00:30]} cxb6 {[%clk 00:13:33]}
{[%emt 00:00:50]} 31. Bxd6 {[%clk 00:00:32]} {[%emt 00:00:39]} Nxd6 {[%clk
00:13:54]} {[%emt 00:00:07]} 32. h5 {[%clk 00:00:36]} {[%emt 00:00:28]} Ra2
{[%clk 00:11:26]} {[%emt 00:02:57]} 33. Ne5 {[%clk 00:00:46]} {[%emt 00:00:21]}
g6 {[%clk 00:08:41]} {[%emt 00:03:14]} 34. Rd8 {[%clk 00:00:34]} {[%emt
00:00:42]} Ne4 {[%clk 00:08:46]} {[%emt 00:00:25]} 35. Kf3 {[%clk 00:00:54]}
{[%emt 00:00:11]} Ng5+ {[%clk 00:07:10]} {[%emt 00:02:06]} 36. Ke3 {[%clk
00:01:01]} {[%emt 00:00:22]} gxh5 {[%clk 00:07:09]} {[%emt 00:00:33]} 37. d5
{[%clk 00:00:38]} {[%emt 00:00:52]} f6 {[%clk 00:05:50]} {[%emt 00:01:48]} 38.
Rd7+ {[%clk 00:00:34]} {[%emt 00:00:34]} Kg8 {[%clk 00:06:10]} {[%emt
00:00:10]} 39. Ng6 {[%clk 00:00:34]} {[%emt 00:00:30]} Nf7 {[%clk 00:04:07]}
{[%emt 00:02:32]} 40. Rxb7 {[%clk 00:00:40]} {[%emt 00:00:25]} Rc2 {[%clk
00:03:06]} {[%emt 00:01:31]} 41. Rc7 {[%clk 00:26:17]} {[%emt 00:04:53]} b5
{[%clk 00:30:59]} {[%emt 00:02:37]} 42. Ne7+ {[%clk 00:25:22]} {[%emt
00:01:26]} Kf8 {[%clk 00:30:52]} {[%emt 00:00:36]} 43. Nf5 {[%clk 00:24:52]}
{[%emt 00:01:00]} Ne5 {[%clk 00:30:47]} {[%emt 00:00:35]} 44. f4 {[%clk
00:12:43]} {[%emt 00:12:39]} Nc4+ {[%clk 00:29:52]} {[%emt 00:01:25]} 45. Kd4
{[%clk 00:12:25]} {[%emt 00:00:48]} h4 {[%clk 00:28:25]} {[%emt 00:01:58]} 46.
Nxh4 {[%clk 00:10:06]} {[%emt 00:02:49]} Nd6 {[%clk 00:28:04]} {[%emt
00:00:51]} 47. Rd7 {[%clk 00:08:40]} {[%emt 00:01:55]} Rd2+ {[%clk 00:27:47]}
{[%emt 00:00:47]} 48. Kc5 {[%clk 00:08:35]} {[%emt 00:00:35]} Ne4+ {[%clk
00:28:04]} {[%emt 00:00:13]} 49. Kxb5 {[%clk 00:08:41]} {[%emt 00:00:25]} Ke8
{[%clk 00:24:07]} {[%emt 00:04:27]} 50. Kc6 {[%clk 00:04:58]} {[%emt 00:04:12]}
Rc2 {[%clk 00:24:08]} {[%emt 00:00:29]} 51. Rh7 {[%clk 00:04:05]} {[%emt
00:01:22]} Rxc3+ {[%clk 00:24:18]} {[%emt 00:00:20]} 52. Kb6 {[%clk 00:04:29]}
{[%emt 00:00:07]} Rb3+ {[%clk 00:24:02]} {[%emt 00:00:46]} 53. Kc7 {[%clk
00:04:08]} {[%emt 00:00:51]} Rc3+ {[%clk 00:24:17]} {[%emt 00:00:14]} 54. Kb8
{[%clk 00:04:25]} {[%emt 00:00:13]} Rb3+ {[%clk 00:23:21]} {[%emt 00:01:27]} 55.
Kc8 {[%clk 00:02:17]} {[%emt 00:02:38]} Rc3+ {[%clk 00:23:21]} {[%emt
00:00:30]} 56. Kb8 {[%clk 00:01:49]} {[%emt 00:00:57]} Rb3+ {[%clk 00:23:45]}
{[%emt 00:00:07]} 57. Kc8 {[%clk 00:01:35]} {[%emt 00:00:44]} Rc3+ {[%clk
00:24:05]} {[%emt 00:00:09]} 1/2-1/2